00764 2200277 4500001002100000005001500021035002000036007000300056008004100059020002200100082000800122084001400130100001000144245013900154250001000293260003200303300002700335650003200362700002400394990001000418990001200428990001200440990001000452990001200462990001200474INLIS00000000000013120200924093437 a0010-0917000117ta200924 f 0 ind  a978-602-0822-10-5 a297 a297 HAM l0 aHAMKA1 aLembaga Hidup :bIkhtiar Sepenuh HAti Memenuhi Ragam Kewajiban untuk Hidup Sesuai Ketetapan Ilahi /cHamka; editor, Muh. Iqbal Santosa acet.2 aJakarta :bRepublika,c2016 axi, 392 hlm. ;c21 cm. 4aISLAM SEBAGAI PEDOMAN HIDUP0 aMUH., Iqbal Santosa a15693 a15693 a a15693 A a15693 a15693 B a15693 A